| 000 | 00484nam a22001697a 4500 | ||
|---|---|---|---|
| 005 | 20130621122102.0 | ||
| 010 | _aENG-107699 | ||
| 020 |
_a9788189983291 _c650.00 |
||
| 035 | _aEN-91232 | ||
| 037 | _bDBAD/PUB | ||
| 245 |
_aGuidance and counselling / _cedited and compiled by O.P. Aneja |
||
| 260 |
_aNew Delhi _bKhel Sahitya Kendra _c2013 |
||
| 270 |
_a7/26, Ansari Road, Daryaganj _bNew Delhi _e110002 |
||
| 300 |
_a255p. _c22cm(Hb) |
||
| 700 | _aAneja, O.P. | ||
| 942 |
_2ddc _cEN _mGUI |
||
| 999 |
_c76852 _d76852 |
||